000 00377nam a22001697a 4500
005 20160625144330.0
008 160625b xxu||||| |||| 00| 0 eng d
020 _a1-86508-231-7
041 _aeng
082 _b10099
100 _aSutherland, Max and others
_92795
245 _aAdvertising
260 _bViva
300 _a303
650 _aManagement
_9241
942 _cBK
999 _c4043
_d4042